Dilapidations (Record no. 103841)

MARC details
000 -LEADER
fixed length control field 01512cam a2200241 4500
001 - CONTROL NUMBER
control field ##L127972
008 - FIXED-LENGTH DATA ELEMENTS--GENERAL INFORMATION
fixed length control field 041116n2004 000 0 eng u
020 ## - INTERNATIONAL STANDARD BOOK NUMBER
International Standard Book Number 0421882603
035 ## - SYSTEM CONTROL NUMBER
System control number (Sirsi) u127972
041 0# - LANGUAGE CODE
Language code of text/sound track or separate title eng
050 04 - LIBRARY OF CONGRESS CALL NUMBER
Classification number 346.410434 $2 18
100 1# - MAIN ENTRY--PERSONAL NAME
Personal name Dowding, Nicholas
245 00 - TITLE STATEMENT
Title Dilapidations
Remainder of title the modern law and practice
250 ## - EDITION STATEMENT
Edition statement 3rd ed.
260 ## - PUBLICATION, DISTRIBUTION, ETC.
Place of publication, distribution, etc. London
Name of publisher, distributor, etc. Sweet and Maxwell
Date of publication, distribution, etc. 2004
300 ## - PHYSICAL DESCRIPTION
Extent lxxiv, 989p.
Dimensions 25cm.
350 ## - PRICE (NR) (BK AM CF MU VM SE) [OBSOLETE]
Price 175
520 ## - SUMMARY, ETC.
Summary, etc. The third edition of this comprehensive text discusses the key legal principles of dilapidations and provides practical advice for surveyors. Chapters cover: the obligation to repair; liability for dilapidations; commonly encountered defects; mechanical and electrical services and plant; forms of express repairing covenant and other forms of covenant; decoration; covenants to reinstate alterations; destruction of the subject matter; the landlord's implied obligation; the tenant's implied obligation; fixtures; forfeiture; remedies for breach of covenant; damages at the end of the term; valuations; fees and costs; tax aspects of dilapidations; dilapidations claims (covering the Civil Procedure Rules); and proposals for reform. Appendices contain forms and precedents, statutory material and protocols. Tables of cases and legislation.
520 ## - SUMMARY, ETC.
Summary, etc. Supersedes second edition (ISBN 0421702400).
690 ## - LOCAL SUBJECT ADDED ENTRY--TOPICAL TERM (OCLC, RLIN)
Topical term or geographic name as entry element PROPERTY-LEASEHOLD PROPERTY-LANDLORD AND TENANT-DILAPIDATIONS
700 1# - ADDED ENTRY--PERSONAL NAME
Personal name Reynolds, Kirk
942 ## - ADDED ENTRY ELEMENTS (KOHA)
Suppress in OPAC 0
Holdings
Withdrawn status Lost status Source of classification or shelving scheme Damaged status Not for loan Home library Current library Shelving location Date acquired Total Checkouts Full call number Barcode Date last seen Date last checked out Copy number Price effective from Koha item type Cost, normal purchase price Cost, replacement price
    Dewey Decimal Classification     London London Basement 19/01/2005 36 346.410434 DOW 30067436 06/08/2019 20/07/2009 1 06/08/2019 Book    
    Dewey Decimal Classification     London London Basement 24/03/2005 38 346.410434 DOW 30069842 06/08/2019 22/01/2010 2 06/08/2019 Book    
    Dewey Decimal Classification     London London Books 24/03/2005   346.410434 DOW 30069846 06/08/2019   3 06/08/2019 Reference material    
  Missing       London London Missing 18/05/2007 14 346.410434 DOW 30073898 06/08/2019 29/01/2010 4 06/08/2019 Book 196.00 196.00